Vật lí điện tử

Zapisane w:
Opis bibliograficzny
1. autor: Nguyễn, Minh Hiển
Format: Książka
Język:Undetermined
Wydane: Hà Nội Giáo dục 2003
Hasła przedmiotowe:
Etykiety: Dodaj etykietę
Nie ma etykietki, Dołącz pierwszą etykiete!
Thư viện lưu trữ: Trung tâm Học liệu Trường Đại học Cần Thơ
LEADER 00545nam a2200193Ia 4500
001 CTU_88442
008 210402s9999 xx 000 0 und d
020 |c 19800 
082 |a 537.5 
082 |b H305 
100 |a Nguyễn, Minh Hiển 
245 0 |a Vật lí điện tử 
245 0 |c Nguyễn Minh Hiển, Vũ Linh 
260 |a Hà Nội 
260 |b Giáo dục 
260 |c 2003 
650 |a Electrics and electronics,Physics 
904 |i Truc,Hải 
980 |a Trung tâm Học liệu Trường Đại học Cần Thơ